000 00712nam a2200265Ia 4500
005 20260302115654.0
008 008 260114s9999 xx 000 0 eng d
020 _a9781350192409
037 _aTextbook
040 _aCRL
040 _beng
040 _cCRL
041 _2eng
041 _aeng
084 _qCRL
100 _aSaumen Chattopadhyay, Simon Marginson and N. V. Varghese
_91122298
245 0 _aChanging Higher Education in India
260 _bBloomsbury
260 _bBloomsbury Academic
260 _c2021
650 _aEducation
856 _uhttps://doi.org/10.5040/9781350192409?locatt=label:secondary_bloomsburyCollections
942 _cEBOOK
999 _c1687069
_d1687069